| 000 | 01412cam a2200289 4500 | ||
|---|---|---|---|
| 001 | ABS66627 | ||
| 008 | 030416n2003 000 0 eng u | ||
| 035 | _a(Sirsi) u122012 | ||
| 245 | _aLeeds City Council v Watkins and another | ||
| 260 | _c2003 | ||
| 490 |
_aEstates Gazette Case Summaries _v[2003] 14 EG 122 (CS) (1) |
||
| 520 | _a[2003] EWHC 598 (Ch). Action by the claimant council (L) for final injunctions to restrain the defendants (W) from holding unlicensed car boot sales at Drighlington, without its consent. L argued W had infringed its market rights, which it enjoyed under Royal Charter and the Leeds Corporation (Consolidation) Act 1905. W contended that L's policy ran counter to the provisions of the Competition Act 1998. "Held" the injunction was granted. View judgment at www.bailii.org. | ||
| 590 | _aABS | ||
| 650 | _aFINAL INJUNCTION | ||
| 650 | _aCAR BOOT SALES | ||
| 650 | _aMARKET RIGHTS | ||
| 650 | _aLICENSING | ||
| 650 | _aLOCAL AUTHORITIES | ||
| 650 | _aLEEDS CORPORATION (CONSOLIDATION) ACT 1905 | ||
| 650 | _aCOMPETITION ACT 1998 | ||
| 650 | _aTREATY OF ROME ART 81 | ||
| 650 | _aTREATY OF ROME ART 82 | ||
| 650 | _aLEEDS CITY COUNCIL V WATKINS AND ANOTHER | ||
| 690 | _aENVIRONMENTAL AND LAND CONSULTANCY-PLANNING AND DEVELOPMENT | ||
| 856 |
_uhttps://www.bailii.org/ew/cases/EWHC/Ch/2003/598.htm _zView judgment on the BAILII website... |
||
| 942 | _n0 | ||
| 999 |
_c72508 _d72508 |
||